US States That Can Be Made of Elemental Symbols - Statistics

General Stats
  • This quiz has been taken 63 times
  • The average score is 35 of 36
Answer Stats
Elemental Symbols U.S. State % Correct
Nitrogen .
100%
Tantalum .
100%
Sodium .
100%
Tungsten .
100%
Hydrogen .
100%
Americium .
100%
Phosphorus .
100%
Sulfur .
100%
Hydrogen .
100%
Iodine .
100%
Rhenium .
100%
Hydrogen .
100%
Iodine .
100%
Oxygen .
100%
Oxygen .
100%
Uranium .
100%
Thorium .
100%
Carbon .
100%
Argon .
100%
Oxygen .
100%
Lithium .
100%
Sodium .
100%
Tantalum .
100%
Hydrogen .
100%
Iodine .
100%
Scandium .
100%
Oxygen .
100%
Nitrogen .
100%
Sulfur .
100%
Indium .
100%
Oxygen Ohio
87%
Uranium Utah
85%
Sulfur South Carolina
83%
Molybdenum Montana
81%
Neon New Hampshire
77%
Tungsten Wisconsin
77%
No matching quizzes found
Score Distribution
Percent of People with Each Score
Percentile by Number Answered
Your Score History
You have not taken this quiz